000 01163nam a2200277 a 4500
003 OSt
005 20240226111739.0
007 cr ||||||a|c|a
008 240214s2021 mx a|||fom||| 001 0 spa d
040 _erda
100 1 _9188718
_aRodríguez Rosales, Estefany
245 1 0 _aEstimación del rendimiento de forraje de avena (Avena sativa L.) variedad Chihuahua /
_cpor Estefany Rodríguez Rosales ; director de tesis Sergio Iban Mendoza Pedraza.
264 1 _aChapingo, México :
_bEl autor,
_c2021.
300 _a1 recurso en línea (36 páginas):
_bcuadros, figuras.
336 _2rdacontent
_atexto
_btxt
337 _2rdamedia
_acomputadora
_bc
338 _2rdacarrier
_arecurso en línea
_bcr
502 _bIAEZ
_cZootecnía
_d2021.
_gLIC
504 _aIncluye referencias bibliográficas: páginas 21-24.
650 4 _98556
_aAvena como forraje
650 4 _98539
_aAvena
_xRendimiento
650 4 _9188724
_aAvena
_xCrecimiento
700 1 _974719
_aMendoza Pedroza, Sergio Ibán
_eDirector de tesis
856 _uhttp://10.13.5.2/tesis/tl/1212162-8_Rodriguez_Rosales_E.pdf
_zDESCARGAR PDF
942 _2Clasificación Universidad Autónoma Chapingo
_cTD
999 _c219682
_d219682